000 00526nam a2200193Ia 4500
005 20260120130550.0
008 008 260114s9999 xx 000 0 eng d
020 _a9780191723315
037 _aEBOOK
040 _aCRL
_beng
_cCRL
041 _aeng
_2eng
084 _qCRL
100 _aJansen
_9916526
245 4 _aThe Making of Legal Authority
260 _bOxford University PressOxford University Press
_c2010
856 _uhttps://academic.oup.com/book/11318
942 _cEBOOK
999 _c1508430
_d1508430